000 01134cam a22003377a 4500
003 CHAP
005 20220329133429.0
008 971013s1992 r 00010 d
010 _a6288
011 _a7260
035 _a6483
040 _cCHAP
090 _aTesis
100 0 0 _aChavarría Rodríguez, Irineo.
_922048
245 0 _aProducción ovina en la ganadería familiar de la cordillera del Tentzo, Puebla
260 _aChapingo, Méx. :
_bEl autor,
_c1992
300 _a72 h.
_b; anexo
502 _aTesis (Ing. Agr. Esp. en Zootecnia) -- UACH. Departamento de Zootecnia
590 _aALEPH
_b10
_c20130110
_lUCH01
_h1218
590 _aBATCH-UPD
_b10
_c20130110
_lUCH01
_h0050
590 _aBATCH-UPD
_b10
_c20130110
_lUCH01
_h1659
590 _aBATCH-UPD
_b10
_c20130409
_lUCH01
_h2037
590 _aBATCH-UPD
_b10
_c20130410
_lUCH01
_h1048
590 _aBATCH-UPD
_b10
_c20130914
_lUCH01
_h0919
590 _aCONVERSION
_b10
_c20130109
_lUCH01
_h1305
650 1 4 _aGanado lanar
_xProducción.
_945214
650 1 4 _aGanado lanar
_xPuebla.
_945215
901 _aBK
942 _cTESIS
949 _bBC
_cTES
_d-16085
_eTS1
_h25402
_i6483
_si
999 _c6288
_d6288